Statistics for Top 100 Biggest Cities in New Jersey

Click here to take the quiz!

General Stats

  • This quiz has been taken 187 times
  • The average score is 23 of 100

Answer Stats

Population City % Correct
277,140Newark
97%
247,597Jersey City
93%
146,199Paterson
87%
84,913Trenton
85%
77,344Camden
78%
39,558Atlantic City
77%
124,969Elizabeth
71%
50,005Hoboken
62%
69,781Passaic
60%
55,181New Brunswick
59%
88,791Toms River
57%
64,270East Orange
52%
43,010Hackensack
50%
19,265Woodbridge
49%
18,411Morristown
48%
84,136Clifton
48%
60,724Vineland
47%
66,455Union City
46%
50,814Perth Amboy
42%
16,116Asbury Park
40%
40,499Linden
40%
63,024Bayonne
37%
26,342Paramus
36%
16,264Secaucus
35%
49,708West New York
34%
30,316Westfield
30%
27,346Rahway
30%
35,345Fort Lee
30%
30,719Long Branch
29%
21,457Summit
28%
49,808Plainfield
28%
53,805Lakewood
25%
99,967Edison Township
25%
30,487Garfield
24%
18,157Dover
22%
27,147Englewood
22%
18,061Rutherford
21%
40,684Kearny
21%
56,642Union Township
21%
25,349Bridgeton
20%
23,753Old Bridge
19%
15,845Madison
19%
14,488Tenafly
18%
46,207West Orange Township
17%
22,844Carteret
16%
22,083Somerset
15%
42,704Sayreville
14%
14,950Phillipsburg
14%
26,764Bergenfield
14%
21,085Roselle
13%
24,958Ridgewood
13%
47,512East Brunswick Township
13%
24,136Lodi
12%
40,742North Brunswick Township
12%
28,400Millville
12%
32,457Fair Lawn
11%
54,717Wayne Township
10%
53,926Irvington Township
10%
18,392Point Pleasant
10%
29,366Livingston Township
10%
60,773North Bergen Township
9%
18,695Iselin
9%
14,473Ramsey
9%
22,625Cranford Township
9%
39,776Teaneck Township
8%
17,795Colonia
8%
23,867Maplewood Township
8%
23,594Cliffside Park
8%
23,385South Plainfield
7%
18,579Glassboro
7%
15,392North Arlington
7%
23,510Scotch Plains Township
6%
15,817Springfield Township
6%
35,790Ewing Township
6%
25,850West Milford Township
6%
18,791Hawthorne
6%
17,613Lindenwold
6%
28,370Nutley Township
6%
16,341New Milford
5%
19,403Elmwood Park
5%
17,892Tinton Falls
5%
17,011Avenel
5%
20,249Pleasantville
4%
21,936North Plainfield
4%
15,147Hopatcong
3%
14,791Hammonton
3%
16,696Wyckoff Township
3%
20,554Lyndhurst Township
3%
35,885Pennsauken Township
3%
21,404Hillside Township
3%
19,622Palisades Park
3%
17,479Dumont
2%
14,756Clark Township
2%
30,134City of Orange Township
2%
16,008South River
1%
14,518Springdale
1%
16,142Ocean Acres
0%
16,198South Orange Village Township
0%
15,567Williamstown
0%
15,187Fords
0%

Score Distribution

Percentile by Number Answered

Percent of People with Each Score

Your Score History

You have not taken this quiz